00768 2200277 4500001002100000005001500021035002000036007000300056040001700059100002900076245009100105300003200196020001800228041000800246082000800254084001000262090001900272264004000291336002100331337003000352338002300382650001400405850001000419008004100429990002000470INLIS00000000000674520260411120835 a0010-0622000080ta aSBPUPADbeng aRaymond ChangePengarang1 aStudent Study Guide for use with Chemistry eight edition /cReymond Chang, Sharon Neal av,509 hal :billus. ;c20cm a0-07-254993-9 aeng a510 aCHA s a510 CHA s 11-2 aNew York; :bthe Mcgraw-Hill,c2005 2rdacontentaTeks 2rdamediaaTanpa Perantara 2rdacarrieravolume 4achemistry aPUPAD260411 0  a416/S/KAPD/2012